000 00510nam a22001817a 4500
020 _a9789699647161
082 _a297.62
_bKHA
100 _aKhan, Naweed Akbar
245 _aThe divine connection: a strategic pathway to Islamic leadership /
250 _a1st ed.
260 _aIslamabad:
_bProfile printing publishing;
_c2026.
300 _a689p
504 _aIncludes bibliographical references
563 _aHB
650 _aIslamic leadership
_9134209
650 _aIslam
942 _2ddc
_cBK
999 _c617182
_d617182